Inside Organizational Communication (Record no. 23306)
[ view plain ]
| 000 -LEADER | |
|---|---|
| fixed length control field | 00274nam a22001217a 4500 |
| 003 - CONTROL NUMBER IDENTIFIER | |
| control field | Nust |
| 005 - DATE AND TIME OF LATEST TRANSACTION | |
| control field | 20170412153305.0 |
| 008 - FIXED-LENGTH DATA ELEMENTS--GENERAL INFORMATION | |
| fixed length control field | 170330b xxu||||| |||| 00| 0 eng d |
| 020 ## - INTERNATIONAL STANDARD BOOK NUMBER | |
| International Standard Book Number | 0582285402 |
| 040 ## - CATALOGING SOURCE | |
| Original cataloging agency | DLC |
| Language of cataloging | DLC |
| Transcribing agency | RCMS |
| 082 ## - DEWEY DECIMAL CLASSIFICATION NUMBER | |
| Classification number | 658.45 REU |
| Edition number | 2nd ,ed. |
| 100 ## - MAIN ENTRY--PERSONAL NAME | |
| Personal name | CAROL REUSS AND DONN SILVIS |
| 245 ## - TITLE STATEMENT | |
| Title | Inside Organizational Communication |
| Remainder of title | International Association of Business Communicators |
| 250 ## - EDITION STATEMENT | |
| Edition statement | 2nd ,ed. |
| 260 ## - PUBLICATION, DISTRIBUTION, ETC. | |
| Place of publication, distribution, etc. | S.T Printers Rawalpindi |
| Name of publisher, distributor, etc. | National Book Foundation |
| Date of publication, distribution, etc. | c 1984 |
| 300 ## - PHYSICAL DESCRIPTION | |
| Extent | xi,368,p: |
| Other physical details | ill: |
| Dimensions | 26,cm. |
| 538 ## - SYSTEM DETAILS NOTE | |
| Display text | Shelf # 15, Row # 4, Communication. |
| 650 ## - SUBJECT ADDED ENTRY--TOPICAL TERM | |
| Topical term or geographic name entry element | Business & Economics |
| 856 ## - ELECTRONIC LOCATION AND ACCESS | |
| Materials specified | Table of Content Only |
| 942 ## - ADDED ENTRY ELEMENTS (KOHA) | |
| Koha item type | Book |
| Source of classification or shelving scheme | |
| Withdrawn status | Lost status | Damaged status | Not for loan | Permanent Location | Current Location | Shelving location | Date acquired | Total Checkouts | Full call number | Barcode | Date last seen | Price effective from | Koha item type |
|---|---|---|---|---|---|---|---|---|---|---|---|---|---|
| School of Interdisciplinary Engineering and Sciences (SINES) | School of Interdisciplinary Engineering and Sciences (SINES) | General Stacks | 03/07/2013 | 658.45REU | RCMS000858 | 03/07/2013 | 01/05/2017 | Book | |||||
| School of Interdisciplinary Engineering and Sciences (SINES) | School of Interdisciplinary Engineering and Sciences (SINES) | General Stacks | 03/07/2013 | 658.45REU | RCMS000859 | 03/07/2013 | 01/05/2017 | Book |
